000 00720nam a2200265Ia 4500
003 OSt
005 20221005083456.0
006 a|||||r|||| 00| 0
007 ta
008 221004b |||||||| |||| 00| 0 eng d
024 _a69602
037 _cTextual
040 _aCRL
_cCRL
_beng
041 _2eng
_aeng
082 _aX8.2(Y31), N3
100 _aTaori Kamal
_9496381
245 0 _aRural industrialisation
_b A plan for the future
260 _aNew Delhi
_bVikas India
_c1993
300 _a322p.
_ccm.
650 _a ECONOMICS
650 _aINDUSTRIES
700 _a Surendra Singh
_9274301
942 _hX8.2(Y31), N3
_cTEXL
_2cc
999 _c991051
_d991051